Ekonomické a environmentálne podmienky Slovenskej republiky a EÚ v čase priemyselnej revolúcie 4.0. v oblasti daňového systému diplomová práca

Enregistré dans:
Détails bibliographiques
Auteur principal: Lazorčiková, Dominika
Collectivité auteur: Fakulta podnikového manažmentu EU. Katedra podnikových financií
Autres auteurs: Vavrová, Katarína, 1960-
Format: Livre
Langue:slovaque
Publié: Bratislava 2019
Tags: Ajouter un tag
Pas de tags, Soyez le premier à ajouter un tag!

MARC

LEADER 00000nbm a2200000 4500
001 0255413
005 20191122083428.3
041 0 |a slo 
044 |a SK 
245 1 0 |a Ekonomické a environmentálne podmienky Slovenskej republiky a EÚ v čase priemyselnej revolúcie 4.0. v oblasti daňového systému  |b diplomová práca  |c Dominika Lazorčiková ; školiteľ: Katarína Vavrová 
264 1 |a Bratislava  |c 2019 
300 |a 69 s. 
100 1 |a Lazorčiková, Dominika 
700 1 |a Vavrová, Katarína, 1960- 
710 2 |a Fakulta podnikového manažmentu EU. Katedra podnikových financií